Fenerbahce players since 2000 - Statistics

General Stats
  • This quiz has been taken 35 times
  • The average score is 124 of 274
Answer Stats
Ranking Player Positions Nationality Matches Goals Assists Periods % Correct
3 Alex AM 241 136 108 2004-2013
96%
226 Abdoulaye Ba CB 6 1 0 2015-2016
93%
1 Volkan Demirel GK 390 0 1 2002-2019
93%
7 Caner Erkin LB 189 9 45 2010-2015, 2020-2021
89%
56 Edin Džeko ST 71 35 10 2023-2025
89%
6 Semih Şentürk ST 201 56 36 2000-2001, 2002-2013
89%
9 Emre Belözoğlu CM 181 28 26 2008-2014, 2019-2020
85%
5 Mehmet Topal DM 206 16 16 2012-2019
85%
67 Roberto Carlos LB 65 6 8 2007-2010
85%
16 Rüştü Reçber GK 140 0 1 2000-2002, 2004-2007
85%
25 Altay Bayındır GK 116 0 1 2019-2024
81%
24 Bright Osayi-Samuel RB 120 6 9 2020-2025
81%
238 Diego Carlos CB 4 0 0 2024-2025
81%
20 Diego Lugano CB 125 21 5 2006-2011
81%
2 Gökhan Gönül RB 270 12 38 2007-2015, 2020-2021
81%
19 Moussa Sow ST 131 63 19 2011-2017
81%
91 Volkan Şen LW 51 5 9 2015-2017
81%
49 Dušan Tadić RW 73 21 28 2023-2025
78%
34 Enner Valencia ST 90 48 15 2020-2023
78%
23 İrfan Can Kahveci RW 120 22 24 2020-2025
78%
174 Milan Škriniar CB 16 3 1 2024-2025
78%
164 Orhan Şam RB 19 0 1 2011-2013
78%
12 Tuncay Şanlı LW 154 59 23 2002-2007
78%
78 Fred CM 56 8 10 2023-2025
74%
76 Robin van Persie ST 57 25 6 2015-2018
74%
126 Arda Güler AM 32 7 7 2021-2023
70%
214 Carlos Kameni GK 9 0 0 2017-2018
70%
31 Dirk Kuyt RW 95 26 22 2012-2015
70%
79 Dominik Livakovic GK 56 0 1 2023-2025
70%
54 Emmanuel Emenike ST 71 20 17 2013-2014, 2016-2017
70%
14 Ferdi Kadıoğlu LB 148 11 16 2019-2025
70%
10 Hasan Ali Kaldırım LB 170 5 21 2012-2020
70%
112 Issiar Dia RW 38 5 4 2010-2012
70%
124 Mesut Özil AM 32 8 3 2020-2022
70%
52 Sebastian Szymański AM 72 13 17 2023-2025
70%
176 Talisca AM 16 9 1 2024-2025
70%
8 Ümit Özat LB 182 12 33 2001-2007
70%
72 Dani Güiza ST 62 23 10 2008-2011
67%
241 Ertuğrul Çetin GK 4 0 0 2021-2022, 2024-2025
67%
44 Martin Skrtel CB 79 6 1 2016-2019
67%
11 Mehmet Aurélio DM 157 13 22 2003-2008
67%
151 Mert Günok GK 25 0 0 2010-2015
67%
98 Michy Batshuayi ST 46 24 2 2022-2024
67%
50 Nabil Dirar RB 73 7 12 2017-2020
67%
17 Ozan Tufan CM 133 18 22 2015-2017, 2019-2022
67%
57 Roman Neustädter CB 71 4 0 2016-2019
67%
26 Serdar Aziz CB 110 10 6 2018-2024
67%
103 Servet Çetin CB 42 3 1 2003-2006
67%
30 Souza CB 96 10 5 2015-2019
67%
122 Vedat Muriqi ST 32 15 6 2019-2020
67%
121 Youssef En-Nesyri ST 34 20 6 2024-2025
67%
133 Ally Samatta ST 30 5 0 2020-2022
63%
13 Alper Potuk LW 152 12 22 2013-2020
63%
32 Deivid ST 94 23 14 2006-2010
63%
149 Jeremain Lens RW 26 4 12 2016-2017
63%
39 Joseph Yobo CB 84 3 0 2010-2014
63%
138 Mamadou Niang ST 29 15 10 2010-2011
63%
90 Mathieu Valbuena AM 51 10 16 2017-2019
63%
63 Mauricio Isla RB 68 0 13 2017-2020
63%
15 Mehmet Topuz RM 146 7 21 2009-2016
63%
83 Mert Müldür RB 55 4 8 2023-2025
63%
107 Nicolas Anelka ST 39 14 9 2004-2006
63%
150 Papiss Demba Cissé ST 25 5 1 2020-2021
63%
46 Raúl Meireles CM 76 6 9 2012-2016
63%
4 Selçuk Şahin DM 224 12 17 2003-2015
63%
69 Stephen Appiah DM 64 11 10 2005-2008
63%
137 André Ayew ST 29 5 1 2018-2019
59%
88 André Santos LB 52 10 2 2009-2011
59%
18 Cristian CM 133 18 16 2009-2014
59%
87 Diego AM 53 5 11 2014-2016
59%
240 Diego Perotti LW 4 3 0 2020-2021
59%
120 Eljif Elmas LW 34 4 0 2017-2019
59%
71 Fernandão ST 63 26 3 2015-2018
59%
141 Filip Kostić LM 27 1 8 2024-2025
59%
180 Islam Slimani ST 15 1 0 2018-2019
59%
113 Jayden Oosterwolde LB, CB 38 0 0 2022-2025
59%
65 Pierre Webó ST 65 24 9 2012-2015
59%
84 Simon Kjaer CB 55 3 0 2015-2017
59%
184 Berke Özer GK 14 0 0 2021-2022
56%
230 Burak Yılmaz ST 6 0 0 2008-2009
56%
115 Çağlar Söyüncü CB 37 3 1 2023-2025
56%
77 Egemen Korkmaz CB 57 4 3 2012-2015
56%
119 Emre Mor RW 34 2 2 2022-2024
56%
172 Ezgjan Alioski LB 17 1 1 2022-2023
56%
35 Fabio Luciano CB 90 11 2 2003-2006
56%
153 İrfan Can Eğribayat GK 24 0 0 2022-2025
56%
100 Mateja Kežman ST 46 20 8 2006-2008
56%
161 Max Kruse CF 20 7 7 2019-2020
56%
81 Miguel Crespo CM 56 4 5 2021-2024
56%
36 Miha Zajc CM 86 15 6 2018-2019, 2021-2024
56%
130 Min-jae Kim CB 31 1 0 2021-2022
56%
139 Nani LW 28 8 9 2015-2016
56%
95 Roberto Soldado ST 47 15 10 2017-2019
56%
168 Sinan Gümüş RW 18 3 1 2020-2021
56%
148 Sofyan Amrabat DM 26 2 3 2024-2025
56%
175 Vincent Janssen ST 16 4 4 2017-2018
56%
186 Ariel Ortega AM 14 5 7 2002-2003
52%
38 Attila Szalai CB 84 6 4 2020-2023
52%
27 Bekir İrtegün CB 103 5 0 2009-2015
52%
48 Bruno Alves CB 75 3 2 2013-2016
52%
82 Dimitrios Pelkas AM 55 11 8 2020-2022
52%
192 Gustavo Henrique CB 13 2 1 2022-2023
52%
66 Haim Revivo AM 65 29 15 2000-2003
52%
85 José Sosa AM 53 4 5 2020-2022
52%
219 Leonardo Bonucci CB 8 0 1 2023-2024
52%
157 Lincoln AM 21 0 6 2022-2023
52%
37 Luiz Gustavo DM 84 5 2 2019-2022
52%
227 Max Meyer AM 6 0 0 2021-2022
52%
28 Mert Hakan Yandaş AM 102 6 16 2020-2025
52%
42 Mert Nobre ST 80 46 12 2003-2006
52%
128 Michal Kadlec CB 31 3 1 2013-2016
52%
191 Milos Krasic RW 13 0 1 2012-2013
52%
45 Miroslav Stoch LW 77 12 9 2010-2012, 2016-2017
52%
152 Oğuz Aydın LW 25 7 4 2024-2025
52%
193 Rade Krunic DM 13 0 0 2023-2025
52%
144 Rodrigo Becão CB 27 1 0 2023-2025
52%
41 Uğur Boral LM 84 7 11 2006-2009, 2011-2012
52%
93 Alexander Djiku CB 50 3 2 2023-2025
48%
142 Cengiz Ünder RW 27 9 3 2023-2025
48%
173 Claudio Maldonado DM 17 0 2 2007-2009
48%
68 Diego Rossi AM 64 10 15 2021-2023
48%
51 Edú Dracena CB 72 5 1 2006-2009
48%
185 Fabiano LB 14 0 1 2004-2005
48%
220 Fabiano GK 8 0 0 2015-2017
48%
147 Garry Rodrigues LW 26 4 5 2019-2020
48%
131 Giuliano AM 31 15 5 2017-2019
48%
196 Gökhan Ünal ST 13 2 1 2009-2011
48%
134 Harun Tekin GK 30 0 0 2018-2021
48%
125 Henri Bienvenu ST 32 7 2 2011-2013
48%
99 Jailson DM 46 3 1 2018-2020
48%
127 Joshua King ST 32 6 3 2022-2024
48%
194 Luís Neto CB 13 0 0 2017-2018
48%
132 Mame Thiam ST 30 6 4 2020-2021
48%
102 Marcel Tisserand CB 44 1 1 2020-2022
48%
207 Mauricio Lemos CB 10 0 0 2020-2021, 2022-2023
48%
111 Mehmet Ekici AM 38 3 2 2017-2020
48%
242 Oleksandr Karavaev RB 3 0 0 2016-2017
48%
22 Önder Turacı CB 121 5 2 2004-2010
48%
86 Pierre van Hooijdonk ST 53 32 12 2003-2005
48%
108 Reto Ziegler CB 39 0 7 2011-2013
48%
21 Serhat Akın RW 125 41 22 2000-2005
48%
162 Victor Moses RW 20 5 1 2018-2020
48%
231 Volkan Babacan GK 6 0 0 2008-2009
48%
266 Adil Rami CB 1 0 0 2019-2020
44%
198 Cenk Tosun ST 12 1 0 2024-2025
44%
136 Deniz Türüç RW 29 3 1 2019-2021
44%
215 Diego Reyes CB 8 0 0 2018-2019
44%
145 Elvir Baljic LW 27 5 7 2000-2001
44%
109 Filip Novak LB 38 4 2 2020-2022
44%
205 Gregory van der Wiel RB 11 0 0 2016-2017
44%
245 İbrahim Serdar Aydın DM 2 0 0 2013-2014
44%
159 João Pedro ST 20 4 1 2022-2023
44%
222 Kemal Ademi ST 7 0 1 2020-2021
44%
204 Levent Mercan LB 11 0 0 2024-2025
44%
179 Michael Frey ST 15 3 0 2018-2019, 2020-2021
44%
217 Ryan Kent LW 8 0 0 2023-2024
44%
73 Şener Özbayraklı RB 61 3 5 2015-2019
44%
154 Tolgay Arslan AM 24 0 1 2018-2020
44%
55 Wederson LB 71 3 12 2007-2010
44%
129 Willian Arão DM 31 0 4 2022-2023
44%
190 Yassine Benzia AM 13 0 1 2018-2019
44%
169 Zanka CB 18 2 0 2019-2021
44%
96 Aatif Chahechouhe AM 47 10 7 2016-2019
41%
160 Allan Saint-Maximin LW 20 4 4 2024-2025
41%
97 Fábio Bilica CB 46 0 1 2009-2012
41%
60 İsmail Yüksek DM 70 0 8 2020-2021, 2022-2025
41%
80 Kennet Andersson ST 56 15 14 2000-2002
41%
183 Lazar Markovic RW 14 0 2 2015-2016
41%
203 Luan Peres CB 11 1 0 2022-2023
41%
94 Özer Hurmacı AM 50 3 3 2009-2012
41%
123 Samet Akaydin CB 32 1 0 2022-2025
41%
75 Serdar Dursun ST 60 19 9 2021-2024
41%
216 Simon Falette CB 8 0 1 2019-2020
41%
255 Bruma LW 1 0 0 2022-2023
37%
29 Deniz Barış CB 102 2 6 2004-2010
37%
116 İsmail Köybaşı LM 37 2 4 2016-2019
37%
188 Josico DM 14 0 0 2008-2009
37%
40 Mehmet Yozgatlı RW 84 7 18 2003-2007
37%
155 Mergim Berisha ST 23 5 2 2021-2023
37%
262 Robert Enke GK 1 0 0 2003-2004
37%
228 Samuel Holmén CM 6 0 0 2013-2014
37%
135 Tolga Ciğerci DM 30 2 3 2019-2021
37%
206 Yusuf Akçiçek CB 10 0 0 2023-2025
37%
249 Allahyar Sayyadmanesh LW 2 0 0 2019-2020
33%
218 Barış Alıcı RW 8 0 1 2018-2019
33%
256 Beykan Şimşek LW 1 0 0 2012-2013
33%
64 Colin Kazım-Richards ST 66 5 4 2007-2011
33%
89 Milan Rapaic LM 51 15 19 2000-2003
33%
106 Nazım Sangaré RB 39 2 3 2020-2022
33%
58 Ogün Temizkanoğlu CB 71 10 11 2000-2003
33%
114 Salih Uçan CM 37 3 3 2012-2013, 2016-2017
33%
146 Uche Okechukwu CB 26 7 0 2000-2002
33%
47 Yusuf Şimşek AM 76 8 10 2000-2004
33%
259 Ahmethan Köse ST 1 0 0 2017-2018
30%
33 Ali Güneş CM 92 5 8 2000-2004
30%
225 Bartuğ Elmaz DM 7 0 0 2023-2025
30%
105 Misko Mirkovic CB 39 3 1 2000-2002
30%
199 Muhammed Gümüşkaya AM 12 0 0 2019-2020, 2021-2022
30%
101 Nikola Lazetic RM 46 6 6 2000-2002
30%
265 Oytun Özdoğan GK 1 0 0 2020-2021
30%
233 Recep Niyaz AM 5 0 0 2011-2013
30%
166 Serdar Kesimal CB 19 0 0 2011-2015
30%
110 Sergiy Rebrov CF 38 4 6 2002-2004
30%
140 Stjepan Tomas CB 27 0 0 2003-2004
30%
117 Tümer Metin AM 36 5 4 2006-2008
30%
247 Uygar Zeybek CM 2 0 0 2014-2016
30%
201 Washington ST 12 9 2 2002-2003
30%
59 Zoran Mirkovic RB 71 3 0 2000-2003
30%
118 Ali Bilgin CM 34 2 2 2007-2010
26%
182 Gökay Iravul CM 14 0 0 2010-2012
26%
197 Mevlüt Erdinç ST 12 0 0 2019-2020
26%
70 Mustafa Dogan CB 63 0 0 2000-2003
26%
208 Oğuz Kağan Güçtekin DM 10 0 0 2017-2019
26%
246 Ramazan Civelek RW 2 0 0 2015-2016
26%
165 Sadık Çiftpınar CB 19 1 0 2018-2021
26%
43 Samuel Johnson DM 80 14 2 2000-2003
26%
156 Serdar Kulbilge GK 22 0 0 2006-2008
26%
62 Serkan Balcı RB 69 0 7 2004-2007
26%
248 Yiğithan Güveli CB 2 0 0 2016-2017, 2018-2019
26%
53 Abdullah Ercan LM 72 4 6 2000-2003
22%
163 Can Arat CB 20 0 1 2002-2003, 2005-2009
22%
264 Caner Koca DM 1 0 0 2014-2015
22%
211 Gökhan Emreciksin RW 9 0 1 2008-2009
22%
224 John Moshoeu AM 7 0 0 2000-2001
22%
61 Kemal Aslan CM 70 4 6 2002-2008
22%
187 Oğuz Dağlaroğlu GK 14 0 0 2000-2003
22%
232 Olcan Adın RW 6 0 0 2003-2004, 2005-2007
22%
229 Umut Nayir ST 6 0 0 2023-2024
22%
200 Vladimir Beschastnykh ST 12 1 2 2002-2003
22%
253 Zafer Biryol ST 2 0 0 2005-2006
22%
177 Ali Akdeniz LM 16 2 0 2001-2003
19%
223 Burak Kapacak RW 7 0 0 2021-2022, 2024-2025
19%
250 Çağtay Kurukalıp LB 2 0 0 2021-2022
19%
104 Ceyhun Eriş AM 42 8 4 2001-2003
19%
273 Ertuğrul Taşkıran GK 1 0 0 2016-2017
19%
74 Fatih Akyel RB 60 0 2 2001-2005
19%
274 Furkan Akyüz GK 1 0 0 2023-2024
19%
92 Hakan Bayraktar DM 51 1 4 2001-2004
19%
209 İlhan Parlak ST 10 0 0 2007-2009
19%
178 Ivaylo Petkov LB 16 0 4 2003-2004
19%
167 Miroslav Stevic DM 18 1 5 2002-2003
19%
158 Oktay Derelioğlu ST 21 5 2 2001-2003
19%
234 Ömer Beyaz AM 5 0 0 2019-2021
19%
239 Özgür Çek LB 4 0 1 2011-2012
19%
170 Recep Biler GK 18 0 0 2002-2004
19%
181 Sezer Öztürk AM 15 2 1 2011-2013
19%
210 Simão DM 10 0 1 2001-2002
19%
189 Erhan Albayrak LM 13 0 1 2002-2004
15%
254 Fatih Şanlıtürk CM 2 0 0 2020-2021
15%
267 İlhan Eker CB 1 0 0 2010-2011
15%
235 İsmail Güldüren CB 5 0 0 2003-2004
15%
221 Kerim Zengin RB 8 0 1 2006-2007
15%
171 Mahmut Hanefi Erdoğdu LB 18 0 1 2003-2006
15%
263 Murat Sağlam AM 1 0 0 2019-2020
15%
258 Samed Karakoç AM 1 0 0 2017-2018
15%
143 Yasin Çakmak CB 27 0 1 2007-2009
15%
272 Bilal Kısa AM 1 0 0 2002-2003
11%
213 Celil Sağır LM 9 0 1 2000-2001
11%
195 Cem Karaca DM 13 0 0 2002-2003
11%
271 Erhan Uyaroğlu ST 1 0 0 2000-2001
11%
261 Melih Okutan RW 1 0 0 2015-2016
11%
244 Okan Alkan RB 2 0 2 2010-2011
11%
251 Ömer Karabacak RB 2 0 0 2000-2001
11%
257 Serhat Kot LB 1 0 0 2017-2018
11%
252 Alper Akıcı CB 2 0 0 2003-2004
7%
270 Arda Okan Kurtulan RM 1 0 0 2021-2022
7%
269 Emir Köksal LB 1 0 0 2019-2020
7%
268 Emre Nasuh CM 1 0 0 2019-2020
7%
243 Erman Yıldırım CB 3 0 0 2002-2003
7%
236 Fahri Tatan DM 5 0 0 2002-2003
7%
212 Gürhan Gürsoy LM 9 0 0 2005-2006, 2007-2009
7%
260 Muhammed Akarslan CM 1 0 0 2013-2014
7%
202 Murat Hacıoğlu CF 12 1 0 2004-2005, 2006-2007
7%
237 Serkan Özsoy CB 4 0 1 2000-2002
7%
No matching quizzes found
Score Distribution
Percent of People with Each Score
Percentile by Number Answered
Your Score History
You have not taken this quiz